000 02241nam a2200577 i 4500
001 30818
003 KOSZ 005
005 20240405063052.0
008 160622s1995 pl f |000 0 pol
015 _aUWD 2016/27972
020 _a8385838570
035 _a991045852629705066
035 _a(PL-WaBN)b51387244-48omnis_nlop
035 _ab51387244
035 _a(OCoLC)749459325
035 _azz2005774657
035 _a(PL)b0000005138724
035 _a(EXLNZ-48OMNIS_NETWORK)9910385323105606
040 _aWA N
_cWA N
_dKOSZ 005/EG
041 1 _apol
_hfre
080 _a113/119
080 _a502
080 _a579
100 1 _aFerry, Luc
_d(1951- )
_eAutor
245 1 0 _aNowy ład ekologiczny :
_bdrzewo, zwierzę i człowiek /
_cLuc Ferry ; tł. Hanna Miś i Andrzej Miś.
246 1 _iTyt. oryg.:
_aNouvel orde écologique :
_bl'arbre, l'animal et l'homme,
_f1992
260 _aWarszawa :
_bCentrum Uniwersalizmu przy Uniwersytecie Warszawskim :
_bPolski Oddział Międzynarodowego Towarzystwa Uniwersalizmu :
_bprzy współpr. z Wydawnictwem Naukowym Scholar,
_c1995.
300 _a144 s. ;
_c24 cm.
336 _aTekst
_btxt
_2rdacontent
337 _aBez urządzenia pośredniczącego
_bn
_2rdamedia
338 _aWolumin
_bnc
_2rdacarrier
380 _aKsiążki
388 _a1901-2000
388 _a1989-2000
490 1 _aBiblioteka Dialogu
500 _aTyt. oryg.: Le nouvel orde écologique : l'arbre, l'animal et l'homme, 1992.
536 _aFinansowanie: Narodowy Fundusz Ochrony Środowiska i Gospodarki Wodnej
648 7 _a1901-2000
_2DBN
648 7 _a1989-2000
_2DBN
650 7 _aEkofilozofia
_2DBN
658 _aOchrona środowiska
700 1 _aMiś, Andrzej
_d(1948- )
_eTłumaczenie
700 1 _aMiś, Hanna
_eTłumaczenie
710 2 _aPolskie Towarzystwo Uniwersalizmu
_4pbl
710 2 _aUniwersytet Warszawski.
_bCentrum Uniwersalizmu
_4pbl
710 2 _aWydawnictwo Naukowe "Scholar"
_4pbl
830 0 _aBiblioteka Dialogu
856 _uhttp://koha.tu.koszalin.pl/cgi-bin/koha/opac-detail.pl?biblionumber=30818
_yKatalog online BPK
942 _2UKD
_cKS
999 _c30818
_d30818